000 00374nam a22001577a 4500
005 20160625103554.0
008 160625b xxu||||| |||| 00| 0 eng d
041 _aeng
082 _b9988
100 _aAhuja, B.N. and Chhabra, S.S.
_91989
245 _aEditing
260 _bSurjeet Publication
_c2005
300 _a245
650 _aMass Communication
_92660
942 _cBK
999 _c3937
_d3936